| 000 | 00699nam a22002177a 4500 | ||
|---|---|---|---|
| 003 | NUST-PNEC | ||
| 005 | 20170114142515.0 | ||
| 008 | 140430b xxu||||| |||| 00| 0 eng d | ||
| 020 | _a9788177583335 | ||
| 040 | _cPNEC | ||
| 082 | _a512.5 LAY | ||
| 100 |
_973 _aLay, David C. |
||
| 240 | _aLinear Algebra | ||
| 245 |
_aLinear algebra and its applications _cDavid C. Lay |
||
| 250 | _a3rd ed. | ||
| 260 |
_aDelhi _bPearson Education _cc.2003. |
||
| 300 |
_a112 p. : _bill. : _c24 cm. |
||
| 500 | _aIncludes index. http://www.amazon.com/Linear-Algebra-Its-Applications-David/dp/8177583336/ref=sr_1_1?s=books&ie=UTF8&qid=1398846930&sr=1-1&keywords=9788177583335 | ||
| 650 | _xMIS | ||
| 942 |
_2ddc _cBK |
||
| 999 |
_c60049 _d60049 |
||